000 00344nam a22001577a 4500
003 SGT
020 _a 9788123901503
082 _a624
100 _aMOONDRA,H.S
245 _aLABORATORY MANUAL FOR CIVIL ENGNEERING
250 _a2ND
260 _aNEW DELHI
_bCBS
_c2019
300 _a266
650 _aCIVIL ENGNEERING
942 _2ddc
_cBK
999 _c22934
_d22934